000 00410nam a2200157Ia 4500
008 230917s9999||||xx |||||||||||||| ||und||
020 _cRS100
040 _e15468
_aMAIN
041 _aEnglish
082 _a301.4442 S55W
100 _aSen, Sukomal
245 0 _aWorking class of India: history of emergence and movement 1830-1970
260 _aCalcutta
_bK P Bagchi
_c1979
300 _a459 p.
942 _cBK
999 _c41960
_d41960